000 00435nam a2200181Ia 4500
005 20240823055138.0
008 240823s9999||||xx |||||||||||||| ||und||
041 _aENGLISH
082 _A808.3 Q7
100 _aAnonymous
245 0 _aHow to Write a Novel : A Practical Guide to the Art of Fiction
250 _a1st
260 _c2017
_bMJP Publi
500 _aYES
650 _aNovel
_bEnglish
942 _cBK
999 _c228097
_d228097